|
|
|
|
| LEADER |
00922cam a2200241 7i4500 |
| 001 |
0000124409 |
| 005 |
20160407090000.0 |
| 008 |
150909s2014 -uk eng |
| 020 |
# |
0 |
|a 9781421409832
|
| 020 |
# |
0 |
|a 1421409844
|
| 020 |
# |
0 |
|a 9781421409849
|
| 020 |
# |
0 |
|a 1421409836
|
| 090 |
0 |
0 |
|a RC 924.5 .L85
|b T4 2014
|
| 100 |
1 |
# |
|a Thomas, Donald E.,,
|c Jr.,
|d 1961-
|
| 245 |
1 |
4 |
|a The lupus encyclopedia :
|b a comprehensive guide for patients and families
|c Donald E. Thomas, Jr., MD, FACP, FACR..
|
| 260 |
# |
# |
|a Baltimore:
|b Johns Hopkins University Press,
|c 2014.
|
| 300 |
# |
# |
|a xxxi, 874 pages:
|b illustrations;
|c 27 cm..
|
| 490 |
0 |
0 |
|a A Johns Hopkins Press health book
|
| 504 |
0 |
0 |
|a Includes bibliographical references and index
|
| 590 |
# |
# |
|a Perpustakaan Sultanah Nur Zahirah
|
| 650 |
0 |
0 |
|a Lupus Erythematosus, Systemic
|
| 650 |
0 |
0 |
|a Systemic lupus erythematosus
|
| 999 |
|
|
|a 1100095831
|b Book
|c Open Shelf
|e KOLEKSI TERBUKA
|